000 00717 a2200277 4500
003 DLC
005 20260401104644.0
008 2022s2022 xx 000 0 eng d
020 _a9789354655692
040 _aDLC
_beng
050 4 _aRT55 .S53 2022
082 0 4 _a610.73
100 1 _aSharma, Suresh
_eauthor.
245 1 0 _aTextbook of Pharmacology, Pathology & Genetics for Nurses-II
_cSharma, Suresh.
250 _a2nd ed.
264 1 _bJaypee Brothers Medical Publishers
_c2022
300 _axxi, 530p. : ill.
336 _2CC
338 _2CC
650 0 _aNursing
650 0 _aPharmacology
650 0 _aPathology
650 0 _aGenetics
650 0 _aPharmacological Phenomena
942 _2lcc
_cBK
999 _c44215
_d44215